Household debt revaluation and the real economy: Evidence from a foreign currency debt crisis (Record no. 515659)

000 -LEADER
fixed length control field 01180nam a22001457a 4500
008 - FIXED-LENGTH DATA ELEMENTS--GENERAL INFORMATION
fixed length control field 210203b ||||| |||| 00| 0 eng d
100 ## - MAIN ENTRY--PERSONAL NAME
Personal name Verner, Emil and Gyöngyösi, Gyozo
245 ## - TITLE STATEMENT
Title Household debt revaluation and the real economy: Evidence from a foreign currency debt crisis
260 ## - PUBLICATION, DISTRIBUTION, ETC. (IMPRINT)
Place of publication, distribution, etc The American Economic Review
300 ## - PHYSICAL DESCRIPTION
Extent 110(9), Sep, 2020: p.2667-2702
520 ## - SUMMARY, ETC.
Summary, etc We examine the consequences of a sudden increase in household debt burdens by exploiting variation in exposure to household foreign currency debt during Hungary's late-2008 currency crisis. The revaluation of debt burdens causes higher default rates and a collapse in spending. These responses lead to a worse local recession, driven by a decline in local demand, and negative spillover effects on nearby borrowers without foreign currency debt. The estimates translate into an output multiplier on higher debt service of 1.67. The impact of debt revaluation is particularly severe when foreign currency debt is concentrated on household, rather than firm, balance sheets. – Reproduced
773 ## - HOST ITEM ENTRY
Main entry heading The American Economic Review 1
906 ## - LOCAL DATA ELEMENT F, LDF (RLIN)
Subject DIP FINANCIAL SECURITY
942 ## - ADDED ENTRY ELEMENTS (KOHA)
Item type Articles
Holdings
Withdrawn status Lost status Source of classification or shelving scheme Damaged status Not for loan Permanent location Current location Date acquired Serial Enumeration / chronology Barcode Date last seen Koha item type
          Indian Institute of Public Administration Indian Institute of Public Administration 2021-02-03 110(9), Sep, 2020: p.2667-2702 AR124053 2021-02-03 Articles

Powered by Koha